| 000 | 00530nam a22001937a 4500 | ||
|---|---|---|---|
| 005 | 20221220134908.0 | ||
| 008 | 221220b ||||| |||| 00| 0 eng d | ||
| 020 | _a8187741015 | ||
| 040 | _cAL | ||
| 041 | _aEnglish | ||
| 082 |
_223 _a823.92 _bABRB |
||
| 100 |
_aAlex Abraham _966964 |
||
| 245 | _aBreakfast in China | ||
| 260 |
_aCochin _bPanthera Imprint Private Limited _c2002 |
||
| 300 |
_a208 p. _bPB _c21.5x14 cm. |
||
| 650 |
_aCollection of Short Stories _966965 |
||
| 700 |
_aABRAHAM (Alex) _966966 |
||
| 942 |
_2ddc _cDB |
||
| 999 |
_c225955 _d225955 |
||